Responses for Show #4517 - Tuesday, April 6, 2004

Chris Miller game 4.

Contestants

[<< previous game]

Jonathan Turer, an admissions counselor from Brooklyn, New York

Joy Schauer, a paralegal and classical singer from West Chester, Pennsylvania

Chris Miller, a retail specialist from Louisville, Kentucky (whose 3-day cash winnings total $81,997)

[next game >>]

Jeopardy! Round responses

19th CENTURY SCIENCE
NFL RULES
COUNTRIES BY CITY
GOPHER THE GUSTO
HALLS OF FAME
DOUBLE LETTERS
(Alex: Interesting categories!)
    $200 26
photosynthesis

Joy
    $200 21
a fair catch

Chris
    $200 16
Germany

Chris
    $200 11
the ark

Joy
    $200 1
pickles

Chris
    $200 6
kangaroo

Joy
    $400 27
(Jonathan: What is a telegraph?)

phonograph

JoyJonathan
    $400 22
the quarterback

Joy
    $400 17
India

Chris
    $400 12
Caddyshack

Chris
    $400 2
taxidermy

Chris
    $400 7
Hummer

Chris
    $600 28
light

Chris
    $600 23
pass interference

Chris
    $600 18
Brazil

Chris
    $600 13
its cheeks

Chris
    $600 3
hockey

Chris
    $600 8
Aaron

Joy
    $800 29
Lord Kelvin

Chris
    $800 24
(Chris: What is checking?)

holding

Chris
Triple Stumper
    $800 19
Australia

Chris
    $800 14
the Internet

Chris
    $800 4
Chisholm

Chris
    $800 9
Gruff

Chris
    $1000 30
hydrogen

Chris
    $1000 25
(Alex: With a minute to go.)

go in motion

Chris
    $2,000 20
South Africa

Chris
    $1000 15
(Joy: What is Kansas?)

Minnesota

JoyJonathan
    $1000 5
(Chris: What is Canton?)
(Jonathan: What is Wrightsville?)

Dayton

ChrisJonathan
Triple Stumper
    $1000 10
a cappella

Jonathan

Scores at the first commercial break (after clue 15):

Chris Joy Jonathan
$4,000 $0 $1,000

Scores at the end of the Jeopardy! Round:

Chris Joy Jonathan
$11,400 $1,000 $600

Double Jeopardy! Round responses

YALE
SINGING ACTORS
BOOK TITLES
"TRIX" OF THE TRADE
I'M GONNA MARRY HENRY VIII!
BE AFRAID...BE VERY AFRAID
    $400 7
(Jonathan: Who was John Philip Sousa?)

Glenn Miller

Jonathan
Triple Stumper
    $400 9
Tony Danza

Jonathan
    $400 1
Dude, Where's My Country?

Chris
    $400 6
aviatrix

Jonathan
    $400 26
Catherine of Aragon

Jonathan
    $400 21
frightful

Joy
    $800 8
(Jonathan: What is archaeology?)

paleontology

Jonathan
Triple Stumper
    $800 10
Sarah Jessica Parker

Joy
    $800 2
Sweet Caroline

Triple Stumper
    $800 14
dominatrix

Jonathan
    $800 27
Cleves

Joy
    $800 22
sunshine

Jonathan
    $1200 18
(Jonathan: Who is Patrick Henry?)

Nathan Hale

ChrisJonathan
    $1200 11
Jack Nicholson

Triple Stumper
    $1200 3
The War Between the Tates

Triple Stumper
    $1200 15
Beatrix

Jonathan
    $1200 28
Jane Seymour

Chris
    $1200 23
(Alex: We have a minute to go.)

The Living Daylights

Chris
    $1600 19
school of divinity

Joy
    $1600 12
Blossom

Chris
    $1600 4
Fear and Loathing

Chris
    $1600 16
legislatrix

Jonathan
    $1600 29
(Jonathan: Who is Anne Boleyn?)
[The end-of-round signal sounds.]

Catherine Howard

Jonathan
Triple Stumper
    $3,000 24
the Willies

Chris
    $2000 20
the Yale Bowl

Triple Stumper
    $2000 13
(Joy: What is "These Boots are Made for Walking?")
(Chris: What is "You Don't Bring Me Flowers?")

"Something Stupid"

ChrisJoy
Triple Stumper
    $2,400 5
(Chris: What is "Around the World in a Week?")

Around the World in Eight Days

Chris
    $2000 17
matrix

Chris
    $2000 25
(Chris: What is Insomnia?)

Nightmare

Chris
Triple Stumper

Scores at the end of the Double Jeopardy! Round:

Chris Joy Jonathan
$17,200 $2,600 $2,200
(lock game)

[wagering suggestions for these scores]

Final Jeopardy! Round responses

GEOGRAPHIC PHRASES
JonathanWhat is Scylla & Charibydis
$1
JoyWhat is ?
$2,000
ChrisWhat are the Pillars of Hercules?
$11,999
the Pillars of Hercules

Final scores:

Chris Joy Jonathan
$29,199 $600 $2,199
4-day champion: $111,196 3rd place: $1,000 2nd place: $2,000

Game dynamics:

Coryat scores:

Chris Joy Jonathan
$17,200 $2,600 $2,200
28 R
(including 2 DDs),
5 W
(including 1 DD)
10 R,
2 W
9 R,
6 W

Combined Coryat: $22,000

[game clues] [game scores] [suggest correction]

Game tape date: 2004-01-27
The J! Archive is created by fans, for fans. Scraping, republication, monetization, and malicious use prohibited; this site may use cookies and collect identifying information. See terms. The Jeopardy! game show and all elements thereof, including but not limited to copyright and trademark thereto, are the property of Jeopardy Productions, Inc. and are protected under law. This website is not affiliated with, sponsored by, or operated by Jeopardy Productions, Inc. Join the discussion at JBoard.tv.